Taylor Swift Songs 7 - Statistics

General Stats
  • This quiz has been taken 29 times
  • The average score is 202 of 284
Answer Stats
% Correct
I
100%
a
96%
the
92%
to
92%
we
92%
And
88%
me
88%
that
88%
It
83%
it
83%
You
83%
you
83%
1989
79%
On
79%
on
79%
red
79%
way
79%
were
79%
be
75%
do
75%
Don´t
75%
don´t
75%
like
75%
my
75%
never
75%
of
75%
(of
75%
said
75%
so
75%
your
75%
Did
71%
get
71%
have
71%
home?
71%
know
71%
Now
71%
now
71%
off
71%
(off
71%
say
71%
she
71%
talk
71%
this
71%
though
71%
what
71%
What
71%
you´re
71%
best
67%
ever
67%
for
67%
guess
67%
Guess
67%
I´d
67%
is,
67%
is
67%
long
67%
mom,
67%
part
67%
am
63%
But
63%
call
63%
can´t
63%
didn´t
63%
even
63%
from
63%
got
63%
grew
63%
hair
63%
I´ll
63%
just
63%
Just
63%
miss
63%
new
63%
party
63%
sea
63%
started
63%
think
63%
was
63%
Was
63%
went
63%
when
63%
with?
63%
With
63%
anxious,
58%
better
58%
change
58%
chest
58%
chest)
58%
everybody
58%
friend,
58%
friends
58%
had
58%
has
58%
heard
58%
icons
58%
important
58%
it´s
58%
lives
58%
looks
58%
men
58%
Now That We Don’t Talk
58%
old
58%
pretend
58%
thoughts
58%
trying
58%
ways
58%
who
58%
yacht
58%
acid
54%
back
54%
been
54%
cost,
54%
crowd
54%
how
54%
mega
54%
more
54%
Or
54%
pay
54%
price
54%
rock
54%
tell
54%
cannot
50%
chasing
50%
dignity
50%
lost
50%
lost)
50%
myself
50%
only
50%
outside
50%
Remind
50%
want
50%
faded
46%
you´d
46%
into
42%
left
42%
left)
42%
less
42%
shrouded
42%
Truth
42%
weekends
42%
gave,
38%
maybe
38%
Platonic,
38%
till
38%
turn
38%
ended,
33%
Shared
33%
dinners,
29%
mistery
25%
(until
25%
No matching quizzes found
Score Distribution
Percent of People with Each Score
Percentile by Number Answered
Your Score History
You have not taken this quiz